Sociálna štatistika 1990

Enregistré dans:
Détails bibliographiques
Format: Livre
Langue:slovaque
Publié: Bratislava Slovenský štatistický úrad 1992
Sujets:
Tags: Ajouter un tag
Pas de tags, Soyez le premier à ajouter un tag!

MARC

LEADER 00000nam a2200000 4500
001 c003358
005 20240116074532.6
041 0 |a slo 
044 |a SK 
245 1 0 |a Sociálna štatistika 1990 
264 1 |a Bratislava  |b Slovenský štatistický úrad  |c 1992 
300 |a 139 s. 
610 2 0 |a štatistika sociálna 
610 2 0 |a Slovensko 
610 2 0 |a 1990 
610 2 0 |a obyvateľstvo 
610 2 0 |a rodina 
610 2 0 |a domácnosti 
610 2 0 |a prostredie životné 
610 2 0 |a infraštruktúra 
610 2 0 |a zdravotníctvo 
610 2 0 |a školstvo 
610 2 0 |a práca 
610 2 0 |a kvalifikácia 
610 2 0 |a zabezpečenie sociálne 
610 2 0 |a úroveň životná 
610 2 0 |a bývanie 
610 2 0 |a voľby 
610 2 0 |a orgány štátne